Constructivism in education (Record no. 1387114)

MARC details
000 -LEADER
fixed length control field 00549nam a2200193Ia 4500
003 - CONTROL NUMBER IDENTIFIER
control field OSt
005 - DATE AND TIME OF LATEST TRANSACTION
control field 20260101165128.0
008 - FIXED-LENGTH DATA ELEMENTS--GENERAL INFORMATION
fixed length control field 008 250505s9999 xx 000 0 eng d
037 ## - SOURCE OF ACQUISITION
Stock number TextBook
040 ## - CATALOGING SOURCE
Original cataloging agency FEDL
Language of cataloging eng
Transcribing agency FEDL
041 ## - LANGUAGE CODE
Language code of text/sound track or separate title eng
Source of code eng
082 ## - DEWEY DECIMAL CLASSIFICATION NUMBER
Classification number 370.152, STE
100 ## - MAIN ENTRY--PERSONAL NAME
Personal name Steffe Leslie P Ed.
9 (RLIN) 777366
245 #0 - TITLE STATEMENT
Title Constructivism in education
260 ## - PUBLICATION, DISTRIBUTION, ETC.
Place of publication, distribution, etc. Hove, UK
Name of publisher, distributor, etc. Lawrence Erlbaum Associates Ltd.
Date of publication, distribution, etc. 1995
300 ## - PHYSICAL DESCRIPTION
Extent 575p.
942 ## - ADDED ENTRY ELEMENTS (KOHA)
Koha item type Textbook
Classification part 370.152, STE
Source of classification or shelving scheme Dewey Decimal Classification
Suppress in OPAC No
Holdings
Withdrawn status Lost status Source of classification or shelving scheme Damaged status Not for loan Home library Current library Date acquired Total Checkouts Full call number Barcode Date last seen Price effective from Koha item type
    Dewey Decimal Classification     Department of Education Library Department of Education Library 2025-05-08   370.152, STE EL0080732 2025-05-08 2025-05-08 Textbook
Copyright @ Delhi University Library System